Statystyki dla Sentino - King Sento

Kliknij tutaj aby rozwiązać quiz!

Ogólne statystyki

  • Ten quiz został rozwiązany 60 razy
  • Średni wynik to 7 z 11

Statystyki odpowiedzi

NumerTytuł% Poprawnych
11Rio
98%
3Życie które znam
71%
1La Línea
69%
10Rémy Martin
67%
2Kokaina
65%
5Milioner
65%
4Różowy Pył
65%
6Ciroc
61%
8R.2.K.
61%
7Trucizna
55%
9Algercias
4%

Rozkład punktacji

Percentyl według liczby udzielonych odpowiedzi

Procent ludzi z każdym wynikiem

Twoja historia wyników

Nie rozwiązałeś tego quizu